00505nam a22001697a 4500003000400000008004100004082001800045100001800063245010800081260006800189300001000257502001600267650001700283650001300300650001100313650001100324OSt260430b |||||||| |||| 00| 0 eng d a635.642bS48S aSingh, Ajeet. aStudies on Genotype X Environment Interaction in Tomato (Lycopersicon esculentum mill.)cby Ajeet Singh a.- Sabour, Bhagalpurb: Bihar Agricultural College, RAUc, 1995 a129p. bPh.D.d1995 aHorticulture aTomatoes aThesis aPh. D.